Příručka mentoringu posilování mentorských kapacit pedagogů
Salvato in:
| Autore principale: | |
|---|---|
| Altri autori: | , |
| Natura: | Libro |
| Lingua: | ceco |
| Pubblicazione: |
Brno
Barrister & Principal
2016
|
| Soggetti: | |
| Tags: |
Nessun Tag, puoi essere il primo ad aggiungerne!!
|
MARC
| LEADER | 00000nam a2200000 4500 | ||
|---|---|---|---|
| 001 | 0219588 | ||
| 005 | 20240313133433.5 | ||
| 020 | |a 978-80-7485-067-7 | ||
| 041 | 0 | |a cze | |
| 044 | |a CZ | ||
| 245 | 1 | 0 | |a Příručka mentoringu |b posilování mentorských kapacit pedagogů |c Lubor Lacina, Petr Rozmahel, Jitka Kominácká |
| 264 | 1 | |a Brno |b Barrister & Principal |c 2016 | |
| 300 | |a 201 s. | ||
| 610 | 2 | 0 | |a pedagogika |
| 610 | 2 | 0 | |a vyučovanie |
| 610 | 2 | 0 | |a vzdelávanie |
| 610 | 2 | 0 | |a učitelia |
| 610 | 2 | 0 | |a školstvo |
| 610 | 2 | 0 | |a technológie informačné |
| 610 | 2 | 0 | |a technológie komunikačné |
| 610 | 2 | 0 | |a internet |
| 610 | 2 | 0 | |a cloud computing |
| 100 | 1 | |a Lacina, Lubor | |
| 700 | 1 | |a Rozmahel, Petr | |
| 700 | 1 | |a Kominácká, Jitka | |